Statistics for The Man By Taylor Swift (all lyrics)

Click here to take the quiz!

General Stats

  • This quiz has been taken 2,327 times
    (2,117 since last reset)
  • The average score is 302 of 345

Answer Stats

Answer% Correct
I
100%
i
100%
a
99%
be
99%
the
99%
if
97%
man
97%
so
97%
and
96%
i'd
96%
id
96%
me
96%
of
96%
was
96%
im
95%
would
95%
as
94%
can
94%
fast
94%
sick
94%
running
93%
that
92%
to
92%
get
91%
cool
90%
do
90%
quicker
90%
then
90%
they
90%
like
89%
ok
89%
there
89%
what
89%
you
89%
again
88%
at
88%
complex
88%
wondering
88%
them
87%
cause
86%
coming
86%
for
84%
in
84%
every
83%
okay
83%
say
83%
mad
82%
play
82%
what's
81%
whats
81%
it
80%
leader
79%
they'd
79%
type
79%
when
79%
alpha
78%
fearless
78%
boss
77%
commit
77%
everyone
77%
believes
76%
bitch
76%
someone
76%
before
75%
more
75%
field
74%
found
74%
my
74%
make
73%
leo
72%
rude
72%
wearing
72%
good
71%
played
71%
power
70%
work
70%
ya
70%
its
69%
put
69%
all
68%
deserve
68%
how
68%
moves
68%
just
67%
much
67%
this
67%
ideas
66%
question
66%
wouldnt
66%
bad
64%
could
64%
models
64%
not
64%
bitches
63%
conquest
63%
dollars
62%
made
62%
from
61%
had
61%
players
61%
your
61%
shake
60%
heads
59%
hustled
59%
oh
58%
out
58%
toast
57%
getting
54%
baller
53%
saint-tropez
52%
flashing
49%
paint
49%
let
47%
separated
47%
then
46%
about
39%
brag
37%
raking
34%

Score Distribution

Percentile by Number Answered

Percent of People with Each Score

Your Score History

You have not taken this quiz since the last reset